[Event "Rome Steinitz op 1st"]
[Site "Rome"]
[Date "2002.07.06"]
[Round "3"]
[White "Leti, Jacopo"]
[Black "Clifford, Roby"]
[Result "1-0"]
[WhiteElo "1629"]
[BlackElo "1600"]
[PlyCount "53"]
[EventDate "2002.07.05"]
[EventType "swiss"]
[EventRounds "5"]
[EventCountry "ITA"]
[SourceTitle "EXT 2007"]
[Source "ChessBase"]
[SourceDate "2006.11.23"]
[SourceVersion "1"]
[SourceVersionDate "2006.11.23"]
[SourceQuality "1"]

1. e4 e6 2. d4 d5 3. Nc3 dxe4 4. Nxe4 Qd5 5. Nc3 Bb4 6. Nf3 b6 7. Bd3 Ba6 8. 0-0 Bxc3 9. bxc3 Bxd3 10. Qxd3 Nf6 11. Ba3 Nbd7 12. c4 Qb7 13. d5 0-0-0 14. Be7 Rde8 15. d6 Qe4 16. Qa3 Qb7 17. Nd4 c5 18. Nb5 a6 19. Nc3 Ng8 20. Bh4 Nh6 21. Na4 Nf5 22. Bg3 h5 23. Rab1 h4 24. Nxb6+ Nxb6 25. d7+ Kxd7 26. Rfd1+ Kc6 27. Qf3+ 1-0